[Event "Sparkassen Chess Trophy 2024 A-Open"]
[Site "Dortmund"]
[Date "2024.08.14"]
[Round "5"]
[White "Kurt, Sascha"]
[Black "Engel, Bruno"]
[Result "1/2-1/2"]
[WhiteElo "2064"]
[BlackElo "2211"]
[PlyCount "70"]
[EventDate "2024.08.10"]

1. e4 c5 2. Nf3 d6 3. d4 cxd4 4. Nxd4 Nf6 5. Nc3 g6 6. Be3 Nc6 7. f3 h5 8. Bc4 Bd7 9. Qd2 Nxd4 10. Bxd4 Bh6 11. Qf2 Qa5 12. O-O e5 13. Be3 Bxe3 14. Qxe3 Rc8 15. Bb3 Qc5 16. Rfe1 b5 17. Rad1 Ke7 18. Nd5+ Nxd5 19. Rxd5 Qxe3+ 20. Rxe3 a5 21. c3 Rb8 22. Rd2 Rhc8 23. Red3 Rb6 24. a3 Be6 25. Bd5 h4 26. Kf2 Bxd5 27. Rxd5 Rc4 28. R5d3 Ra4 29. g3 hxg3+ 30. hxg3 f5 31. Ke3 Ke6 32. exf5+ gxf5 33. Rh2 f4+ 34. gxf4 Rxf4 35. Rh6+ Rf6 1/2-1/2

[Event "Sparkassen Chess Trophy 2024 A-Open"]
[Site "Dortmund"]
[Date "2024.08.14"]
[Round "5"]
[White "Steinmetzer, Thomas"]
[Black "Schaller, Fabian"]
[Result "1/2-1/2"]
[WhiteElo "2215"]
[BlackElo "2086"]
[PlyCount "102"]
[EventDate "2024.08.10"]

1. e4 c5 2. Nf3 Nc6 3. d4 cxd4 4. Nxd4 Nf6 5. Nc3 e5 6. Ndb5 d6 7. Bg5 a6 8. Na3 b5 9. Nd5 Be7 10. Bxf6 Bxf6 11. Bd3 O-O 12. O-O Be6 13. Nxf6+ Qxf6 14. c4 b4 15. Nc2 a5 16. Ne3 Nd4 17. Nc2 Nc6 18. Qd2 g6 19. b3 Qe7 20. Rae1 Rad8 21. Kh1 f6 22. Qe3 Qa7 23. Qg3 g5 24. Be2 h6 25. Bg4 Qd7 26. Bxe6+ Qxe6 27. Qe3 f5 28. Qb6 Qd7 29. exf5 Rxf5 30. Ne3 Rf7 31. Nd5 Rdf8 32. Kg1 Rb8 33. Qe3 Nd4 34. Qe4 Qf5 35. Qxf5 Nxf5 36. Rd1 Nd4 37. Rd2 Kg7 38. Rfd1 Ra7 39. Ne3 a4 40. Nc2 Nxc2 41. Rxc2 axb3 42. axb3 Rb6 43. f3 Rc6 44. Rd5 Ra1+ 45. Kf2 Rb1 46. Rd3 d5 47. Rxd5 Rxb3 48. Rb5 Rc3 49. Rb2 R3xc4 50. R2xb4 Rxb4 51. Rxb4 Kf6 1/2-1/2

[Event "Sparkassen Chess Trophy 2024 A-Open"]
[Site "Dortmund"]
[Date "2024.08.14"]
[Round "5"]
[White "Beisteiner, Joachim"]
[Black "Strehse, Nelson"]
[Result "1-0"]
[WhiteElo "2089"]
[BlackElo "2223"]
[PlyCount "83"]
[EventDate "2024.08.10"]

1. e4 c5 2. Nf3 e6 3. c3 Nf6 4. e5 Nd5 5. d4 cxd4 6. cxd4 d6 7. Bc4 Be7 8. O-O O-O 9. Qe2 dxe5 10. dxe5 Bd7 11. Nbd2 Bc6 12. Nb3 Qc7 13. Nbd4 Rd8 14. Re1 Nb6 15. Bd3 Bd5 16. Bf4 Nc6 17. Nb5 Qd7 18. Rad1 Rac8 19. a3 Qe8 20. Ng5 a6 21. Ne4 Bxe4 22. Qxe4 g6 23. Nd6 Bxd6 24. exd6 Nd7 25. Qe3 e5 26. Bg5 f6 27. Bc4+ Kh8 28. Bh4 Nd4 29. Bb3 Nxb3 30. Qxb3 g5 31. Bg3 Nc5 32. Qd5 Qc6 33. Bxe5 Kg7 34. Bxf6+ Kxf6 35. Qd4+ Kg6 36. b4 Nd7 37. Re6+ Kf5 38. Rde1 h5 39. Re8 Ne5 40. Qxe5+ Kg4 41. h3+ Kh4 42. Qg3# 1-0

[Event "Sparkassen Chess Trophy 2024 A-Open"]
[Site "Dortmund"]
[Date "2024.08.14"]
[Round "5"]
[White "Lyutsinger, Iren"]
[Black "Green, Michael"]
[Result "1-0"]
[WhiteElo "2176"]
[BlackElo "1976"]
[PlyCount "97"]
[EventDate "2024.08.10"]

1. e4 g6 2. d4 Bg7 3. Nc3 c6 4. h3 d5 5. e5 h5 6. Nf3 Nh6 7. Bd3 Bf5 8. O-O Nd7 9. Bg5 Nf8 10. Ne2 Ne6 11. Be3 Bxd3 12. Qxd3 Nf5 13. c4 dxc4 14. Qxc4 Nc7 15. Nf4 e6 16. Nd3 Bf8 17. Bg5 Be7 18. Nc5 Bxg5 19. Nxb7 Qd5 20. Qxd5 cxd5 21. Nxg5 Rb8 22. Na5 Nxd4 23. Rfd1 Rb5 24. Rxd4 Rxa5 25. Rc1 Kd7 26. Rf4 f5 27. exf6 e5 28. Rb4 Ra6 29. f7 Rc6 30. Rxc6 Kxc6 31. Rb3 Kd6 32. Ra3 a6 33. Nh7 Ke7 34. f8=Q+ Rxf8 35. Nxf8 Kxf8 36. Rc3 Ne6 37. Rc6 Ke7 38. Rxa6 d4 39. Kf1 e4 40. Ke1 Kf6 41. h4 Ke5 42. g3 Kd5 43. b4 d3 44. Rxe6 Kxe6 45. Kd2 Kd5 46. Kc3 Kc6 47. f3 Kd5 48. fxe4+ Kxe4 49. Kd2 1-0

[Event "Sparkassen Chess Trophy 2024 A-Open"]
[Site "Dortmund"]
[Date "2024.08.14"]
[Round "5"]
[White "Klaska, Philipp Leon"]
[Black "Matsumura, Cocoro"]
[Result "1-0"]
[WhiteElo "2184"]
[BlackElo "1999"]
[PlyCount "63"]
[EventDate "2024.08.10"]

1. d4 d5 2. c4 e6 3. Nc3 Nf6 4. Nf3 a6 5. cxd5 exd5 6. Bg5 Be6 7. e3 Nbd7 8. Bd3 Bd6 9. O-O c6 10. Nd2 Qc7 11. f4 h6 12. Bh4 g5 13. Bg3 Bg4 14. Qe1 O-O-O 15. b4 Bxb4 16. fxg5 Qa5 17. Nb3 Bxc3 18. Nxa5 Bxe1 19. Raxe1 hxg5 20. Nxc6 Rde8 21. Ne5 Re7 22. Rb1 Kd8 23. Rxb7 Ke8 24. Rxf6 Nxe5 25. Rxe7+ Kxe7 26. Bxe5 Rc8 27. Rxa6 Rc3 28. Ra7+ Ke6 29. Bb5 Kf5 30. Bd7+ Ke4 31. Bxg4 Kxe3 32. h3 1-0

[Event "Sparkassen Chess Trophy 2024 A-Open"]
[Site "Dortmund"]
[Date "2024.08.14"]
[Round "5"]
[White "Boehme, Markus"]
[Black "Brotto, Alessandro"]
[Result "1-0"]
[WhiteElo "2138"]
[BlackElo "2037"]
[PlyCount "103"]
[EventDate "2024.08.10"]

1. Nf3 Nf6 2. c4 c6 3. g3 d5 4. Bg2 g6 5. b3 Bg7 6. Bb2 Qb6 7. O-O O-O 8. Qc2 Na6 9. d3 Nb4 10. Qc1 dxc4 11. bxc4 Bf5 12. a3 Na6 13. Nbd2 Nc5 14. Rb1 Qc7 15. Be5 Qc8 16. Qb2 b6 17. Ra1 Bh3 18. a4 Bxg2 19. Kxg2 Ncd7 20. Bc3 Nc5 21. a5 b5 22. cxb5 cxb5 23. Qxb5 Qf5 24. Nb3 Rfc8 25. Nxc5 Rxc5 26. Qb7 Rac8 27. Bd4 R5c7 28. Qb3 a6 29. Qa3 Qe6 30. Be5 Rc2 31. Rfe1 Nh5 32. Bxg7 Kxg7 33. Kf1 Qh3+ 34. Kg1 R8c5 35. Rac1 Rxc1 36. Rxc1 Rf5 37. Rc4 Rb5 38. Rb4 Rc5 39. Rb1 Qf5 40. Nd4 Qc8 41. Nb3 Re5 42. Qb2 f6 43. Rc1 Qg4 44. e3 Rb5 45. Qc3 Qa4 46. Nc5 Qg4 47. Nxa6 Rf5 48. Nc5 Nxg3 49. hxg3 Qe2 50. Qc2 Qf3 51. Ne6+ Kh6 52. Nd4 1-0

[Event "Sparkassen Chess Trophy 2024 A-Open"]
[Site "Dortmund"]
[Date "2024.08.14"]
[Round "5"]
[White "Harutyunyan, Hovhannes"]
[Black "Ohler, Julius"]
[Result "0-1"]
[WhiteElo "1992"]
[BlackElo "2182"]
[PlyCount "88"]
[EventDate "2024.08.10"]

1. d4 Nf6 2. g3 e6 3. Bg2 d5 4. b3 Nbd7 5. Bb2 b5 6. a4 b4 7. Nf3 a5 8. O-O Be7 9. Ne5 Bb7 10. Nd2 O-O 11. Re1 c5 12. c3 bxc3 13. Bxc3 Nxe5 14. dxe5 Nd7 15. e3 Qb6 16. Rb1 f6 17. Qg4 f5 18. Qd1 Qc7 19. f4 Bc6 20. g4 g6 21. gxf5 gxf5 22. Nf3 h6 23. Qd2 Kh7 24. h3 Rg8 25. Kh2 Qb7 26. Rf1 Bd8 27. Rf2 Bb6 28. Rg1 Bc7 29. Qd1 Rab8 30. Nd2 Nf8 31. Bf1 Rxg1 32. Kxg1 Ng6 33. Bd3 Rg8 34. Kh2 d4 35. exd4 Nxf4 36. Bc2 Nd5 37. Ne4 cxd4 38. Bxd4 Qb8 39. Nd6 Bxd6 40. Rxf5 exf5 41. Bxf5+ Kg7 42. exd6+ Kf8 43. Qe2 Ne3 44. Bxe3 Qxd6+ 0-1

[Event "Sparkassen Chess Trophy 2024 A-Open"]
[Site "Dortmund"]
[Date "2024.08.14"]
[Round "5"]
[White "Panjer, Sidney"]
[Black "Tomasjan, Samuel"]
[Result "1-0"]
[WhiteElo "2208"]
[BlackElo "2011"]
[PlyCount "85"]
[EventDate "2024.08.10"]

1. Nf3 d5 2. d4 e6 3. c4 Nf6 4. g3 Be7 5. Bg2 dxc4 6. O-O O-O 7. Qc2 a6 8. a4 Nbd7 9. Nbd2 c5 10. dxc5 Bxc5 11. Nxc4 Nb6 12. Nce5 Qc7 13. Be3 Bd6 14. Qxc7 Bxc7 15. Rfc1 Nbd5 16. Bd4 Rd8 17. e3 Ne8 18. Nc4 f6 19. e4 Ne7 20. Bb6 Nc6 21. Bxc7 Nxc7 22. Nb6 Rb8 23. Bh3 Kf7 24. Rd1 Ke7 25. Rxd8 Kxd8 26. Rd1+ Ke7 27. Nd2 Bd7 28. Ndc4 Be8 29. Nd6 Rd8 30. Bg4 Rb8 31. f4 g6 32. Kf2 e5 33. Nxe8 Kxe8 34. Rd7 h5 35. Bh3 Na8 36. Nd5 f5 37. Nf6+ Kf8 38. Nh7+ Ke8 39. Nf6+ Kf8 40. exf5 exf4 41. Nh7+ Ke8 42. f6 Nd8 43. Re7# 1-0

[Event "Sparkassen Chess Trophy 2024 A-Open"]
[Site "Dortmund"]
[Date "2024.08.14"]
[Round "5"]
[White "Spriestersbach, Kai"]
[Black "Fronda, Jan Jodilyn"]
[Result "0-1"]
[WhiteElo "2164"]
[BlackElo "2089"]
[PlyCount "118"]
[EventDate "2024.08.10"]

1. Nf3 d5 2. g3 Nf6 3. Bg2 Bg4 4. O-O c6 5. d3 Nbd7 6. Qe1 e5 7. e4 dxe4 8. dxe4 h6 9. b3 Be7 10. Nbd2 b5 11. a4 O-O 12. h3 Be6 13. Bb2 Qc7 14. Nh4 Rfe8 15. Qe2 Rab8 16. Nf5 Bf8 17. Rfe1 g6 18. Ne3 a6 19. Ra2 Bc5 20. axb5 axb5 21. Rea1 Nh5 22. Bf3 Ng7 23. Kh2 Kh7 24. h4 h5 25. Bg2 f6 26. Nf3 Qb7 27. Bh3 Ra8 28. Rxa8 Rxa8 29. Rxa8 Qxa8 30. Qd2 Nf8 31. Bc1 Qa7 32. Qd8 Be7 33. Qd2 Bxh3 34. Kxh3 Nge6 35. Kg2 Nc5 36. Qc3 Qd7 37. Nd2 Nfe6 38. Ba3 Kg7 39. Bb4 Kf7 40. f3 Qd4 41. Qxd4 exd4 42. Bxc5 Bxc5 43. Nef1 g5 44. g4 hxg4 45. fxg4 gxh4 46. Kh3 Nf4+ 47. Kxh4 d3 48. cxd3 Bf2+ 49. Ng3 b4 50. e5 fxe5 51. Nde4 Nxd3 52. Kg5 Bxg3 53. Nxg3 Ke6 54. Ne4 Nc1 55. Nc5+ Kd5 56. Kf5 Kxc5 57. g5 Kd6 58. Kf6 Nd3 59. g6 Nf4 0-1

[Event "Sparkassen Chess Trophy 2024 A-Open"]
[Site "Dortmund"]
[Date "2024.08.14"]
[Round "5"]
[White "Sabirov, Rafael"]
[Black "Ferro, Mario"]
[Result "1/2-1/2"]
[WhiteElo "2123"]
[BlackElo "2235"]
[PlyCount "40"]
[EventDate "2024.08.10"]

1. e4 c5 2. c3 d5 3. exd5 Qxd5 4. d4 Nc6 5. Nf3 Bf5 6. Be3 cxd4 7. Nxd4 Nxd4 8. Qxd4 Nf6 9. Na3 Qxd4 10. Bxd4 e5 11. Bxe5 Bxa3 12. bxa3 O-O-O 13. Bd4 Rhe8+ 14. Kd2 Ne4+ 15. Kc1 Re7 16. Bd3 Nd6 17. Kd2 Bxd3 18. Kxd3 Ne4 19. Kc4 Nd2+ 20. Kd3 Ne4 1/2-1/2

[Event "Sparkassen Chess Trophy 2024 A-Open"]
[Site "Dortmund"]
[Date "2024.08.14"]
[Round "5"]
[White "Follesa, Enrico"]
[Black "Gasper, Joern"]
[Result "1-0"]
[WhiteElo "2241"]
[BlackElo "2000"]
[PlyCount "45"]
[EventDate "2024.08.10"]

1. e4 Nc6 2. d4 d5 3. e5 Bf5 4. c3 e6 5. Bd3 Nge7 6. Ne2 Bxd3 7. Qxd3 Nf5 8. Nd2 Be7 9. Nf3 O-O 10. h4 h6 11. g3 Na5 12. Nf4 b6 13. Ng2 h5 14. Ne3 g6 15. Nxf5 exf5 16. O-O Kg7 17. Re1 Nc6 18. b3 Qd7 19. Qe3 Rh8 20. e6 fxe6 21. Qxe6 Rad8 22. Ng5 Bxg5 23. Bxg5 1-0

[Event "Sparkassen Chess Trophy 2024 A-Open"]
[Site "Dortmund"]
[Date "2024.08.14"]
[Round "5"]
[White "Schimnatkowski, Lukas"]
[Black "Hirzel, Cedric"]
[Result "1/2-1/2"]
[WhiteElo "2235"]
[BlackElo "2116"]
[PlyCount "67"]
[EventDate "2024.08.10"]

1. e4 e6 2. d4 d5 3. Nd2 c5 4. exd5 Qxd5 5. Ngf3 cxd4 6. Bc4 Qd7 7. Nb3 Nc6 8. Nbxd4 Nxd4 9. Qxd4 Qxd4 10. Nxd4 Bd7 11. Bf4 Nf6 12. Nb5 Rc8 13. Bd3 a6 14. Nd6+ Bxd6 15. Bxd6 Bc6 16. f3 Kd7 17. Bg3 Rhd8 18. O-O-O Ke7 19. Rd2 b5 20. Rhd1 Rd5 21. a4 h6 22. axb5 axb5 23. Bf1 Rcd8 24. Rxd5 Rxd5 25. Rxd5 Nxd5 26. Kd2 f6 27. b3 e5 28. c4 bxc4 29. bxc4 Nc7 30. Bf2 Kd6 31. Kc3 Na6 32. Bd3 Bd7 33. Be3 f5 34. Ba7 1/2-1/2

[Event "Sparkassen Chess Trophy 2024 A-Open"]
[Site "Dortmund"]
[Date "2024.08.14"]
[Round "5"]
[White "Gloeckler, Christian"]
[Black "Burkart, Lloyd Shang"]
[Result "1-0"]
[WhiteElo "2289"]
[BlackElo "2123"]
[PlyCount "61"]
[EventDate "2024.08.10"]

1. e4 c5 2. Nf3 d6 3. d4 cxd4 4. Nxd4 Nf6 5. Nc3 a6 6. h4 h6 7. Be2 e5 8. Nb3 Be6 9. Bf3 Be7 10. Be3 Nbd7 11. Qd2 Rc8 12. O-O-O b5 13. Kb1 Qc7 14. Be2 Nb6 15. f3 Nc4 16. Bxc4 Qxc4 17. g4 b4 18. Nd5 Bxd5 19. exd5 e4 20. g5 hxg5 21. Bxg5 exf3 22. Rhe1 Kd7 23. Nd4 Rhe8 24. Qf4 f2 25. Qxf2 Qxd5 26. Nf5 Qc5 27. Be3 Qc6 28. Nxg7 Rg8 29. Bd4 Qxc2+ 30. Qxc2 Rxc2 31. Nf5 1-0

[Event "Sparkassen Chess Trophy 2024 A-Open"]
[Site "Dortmund"]
[Date "2024.08.14"]
[Round "5"]
[White "Scholz, Christian"]
[Black "Kiese, Matthias"]
[Result "1-0"]
[WhiteElo "2305"]
[BlackElo "2106"]
[PlyCount "67"]
[EventDate "2024.08.10"]

1. e4 c5 2. Nf3 Nc6 3. d4 cxd4 4. Nxd4 g6 5. c4 d6 6. Nc3 Nf6 7. Be2 Nxd4 8. Qxd4 Bg7 9. Be3 O-O 10. Qd2 Be6 11. Rc1 Qa5 12. O-O Rfc8 13. b3 a6 14. f4 b5 15. f5 Bd7 16. e5 dxe5 17. fxg6 hxg6 18. Rxf6 Bxf6 19. Qxd7 e6 20. Ne4 Bg7 21. Rf1 Rf8 22. Nd6 Rad8 23. Qe7 Qxa2 24. Bd1 bxc4 25. Rxf7 Rxf7 26. Qxf7+ Kh7 27. Qe7 Qa5 28. b4 Qd5 29. Qh4+ Kg8 30. Qxd8+ Bf8 31. Nb7 Qxb7 32. Bc5 Qf7 33. Be2 c3 34. Bd3 1-0

[Event "Sparkassen Chess Trophy 2024 A-Open"]
[Site "Dortmund"]
[Date "2024.08.14"]
[Round "5"]
[White "Van der Hagen, Loek"]
[Black "Kummerow, Heiko"]
[Result "1/2-1/2"]
[WhiteElo "2334"]
[BlackElo "2117"]
[PlyCount "84"]
[EventDate "2024.08.10"]

1. d4 Nf6 2. Bg5 g6 3. Bxf6 exf6 4. e3 d5 5. g3 c6 6. Bg2 h5 7. Nf3 Bd6 8. Nbd2 Nd7 9. c4 dxc4 10. Nxc4 Bb4+ 11. Ncd2 Nb6 12. a3 Bd6 13. Ne4 Bf5 14. Nxd6+ Qxd6 15. Nd2 h4 16. Ne4 Bxe4 17. Bxe4 f5 18. Bg2 hxg3 19. hxg3 Rxh1+ 20. Bxh1 O-O-O 21. Rc1 Kb8 22. Qd3 Nd5 23. Rc5 Nf4 24. Qb3 Nd3+ 25. Qxd3 Qxc5 26. Kd2 Qd6 27. b4 Qe6 28. Qc2 Rh8 29. Bf3 g5 30. Ke2 Rh2 31. Kf1 Qxe3 32. Kg1 Qxf3 33. Kxh2 f4 34. a4 f5 35. gxf4 Qxf4+ 36. Kg1 Qg4+ 37. Kf1 Qh3+ 38. Kg1 a6 39. Qc5 Qg4+ 40. Kf1 Qd1+ 41. Kg2 Qg4+ 42. Kf1 Qd1+ 1/2-1/2

[Event "Sparkassen Chess Trophy 2024 A-Open"]
[Site "Dortmund"]
[Date "2024.08.14"]
[Round "5"]
[White "Zamengo, Fulvio"]
[Black "Frayna, Janelle Mae"]
[Result "1-0"]
[WhiteElo "2342"]
[BlackElo "2162"]
[PlyCount "37"]
[EventDate "2024.08.10"]

1. e4 c6 2. d4 d5 3. e5 Bf5 4. Nf3 e6 5. Be2 c5 6. Be3 Qb6 7. Nc3 Nc6 8. O-O Qxb2 9. Qe1 c4 10. Rb1 Qxc2 11. Bd1 Qd3 12. Ba4 Bg4 13. Rxb7 Rc8 14. Bxc6+ Rxc6 15. Rb8+ Ke7 16. Qc1 Nh6 17. Qa3+ Kd7 18. Qxa7+ Rc7 19. Qa4+ 1-0

[Event "Sparkassen Chess Trophy 2024 A-Open"]
[Site "Dortmund"]
[Date "2024.08.14"]
[Round "5"]
[White "Altini, Nicola"]
[Black "Schwibbert, Jonas"]
[Result "1-0"]
[WhiteElo "2374"]
[BlackElo "2147"]
[PlyCount "57"]
[EventDate "2024.08.10"]

1. d4 d5 2. c4 c6 3. Nf3 Nf6 4. Nc3 e6 5. Bg5 Nbd7 6. e3 Qa5 7. cxd5 exd5 8. Nd2 Ne4 9. Ndxe4 dxe4 10. Bh4 Bb4 11. Qc2 O-O 12. Be2 c5 13. O-O Bxc3 14. bxc3 Re8 15. Rab1 Qc7 16. Bg3 Qd8 17. Rfd1 Qf6 18. Qa4 Qe6 19. Bb5 Nb6 20. Qa3 Bd7 21. Bxd7 Qxd7 22. dxc5 Qa4 23. Qb3 Qxb3 24. axb3 Nc8 25. Rd7 b6 26. c6 b5 27. Rb7 Re6 28. c7 Rb6 29. Rb8 1-0

[Event "Sparkassen Chess Trophy 2024 A-Open"]
[Site "Dortmund"]
[Date "2024.08.14"]
[Round "5"]
[White "Gluma, Christian"]
[Black "Stelmaszyk, Nico"]
[Result "1/2-1/2"]
[WhiteElo "2091"]
[BlackElo "2380"]
[PlyCount "81"]
[EventDate "2024.08.10"]

1. e4 e5 2. Nf3 Nc6 3. Bc4 Bc5 4. c3 Nf6 5. d3 O-O 6. O-O d5 7. exd5 Nxd5 8. a4 a5 9. Re1 Bg4 10. Nbd2 Nb6 11. Bb5 Bd6 12. Ne4 Na7 13. h3 Bh5 14. Ng3 Bg6 15. d4 Nxb5 16. axb5 exd4 17. Nxd4 Qf6 18. Qg4 h6 19. h4 Rfe8 20. Bxh6 gxh6 21. h5 Qf4 22. Rxe8+ Rxe8 23. Qxf4 Bxf4 24. hxg6 fxg6 25. Nge2 Bd6 26. Rxa5 Nc4 27. Ra2 Kf7 28. b3 Ne5 29. Kf1 h5 30. Nc2 Ng4 31. f3 Ne5 32. Ra4 g5 33. f4 gxf4 34. Nxf4 Nd7 35. Nxh5 Re5 36. g4 Rxb5 37. Nd4 Rc5 38. Ne2 Rb5 39. Nd4 Rc5 40. Ne2 Rb5 41. Nd4 1/2-1/2

[Event "Sparkassen Chess Trophy 2024 A-Open"]
[Site "Dortmund"]
[Date "2024.08.14"]
[Round "5"]
[White "Christodoulaki, Antonia"]
[Black "Bagrationi, Alexander"]
[Result "1/2-1/2"]
[WhiteElo "1994"]
[BlackElo "2411"]
[PlyCount "91"]
[EventDate "2024.08.10"]

1. e4 c5 2. Nf3 Nc6 3. Bc4 e6 4. O-O a6 5. Re1 b5 6. Bf1 Bb7 7. c3 d5 8. exd5 Qxd5 9. d4 Nf6 10. c4 bxc4 11. Nc3 Qh5 12. d5 O-O-O 13. dxc6 Rxd1 14. cxb7+ Kxb7 15. Rxd1 Be7 16. Bxc4 Rd8 17. Rxd8 Bxd8 18. Bg5 Bc7 19. h3 h6 20. Bxf6 gxf6 21. Rd1 Qg6 22. Bd3 f5 23. Na4 Qf6 24. Nxc5+ Ka7 25. Nxa6 Bd6 26. Bf1 e5 27. b4 Ka8 28. Nd2 e4 29. Nc4 Bf4 30. b5 e3 31. Nxe3 Bxe3 32. fxe3 Qb6 33. Be2 Qxe3+ 34. Kf1 Ka7 35. Bf3 Kb6 36. a4 Qa3 37. Re1 Qxa4 38. Bc6 Qd4 39. Re8 h5 40. Ke2 h4 41. Nb8 f6 42. Nd7+ Kc7 43. Rf8 Qc4+ 44. Ke3 Qc1+ 45. Kd3 Qd1+ 46. Ke3 1/2-1/2

[Event "Sparkassen Chess Trophy 2024 A-Open"]
[Site "Dortmund"]
[Date "2024.08.15"]
[Round "6"]
[White "Froeyman, Helmut"]
[Black "Diduh, Ihor"]
[Result "1-0"]
[WhiteElo "2252"]
[BlackElo "2058"]
[PlyCount "84"]
[EventDate "2024.08.10"]

1. e4 Nc6 2. Nf3 d5 3. exd5 Qxd5 4. Nc3 Qd6 5. d4 Bg4 6. d5 Bxf3 7. Qxf3 Nb4 8. Bb5+ c6 9. dxc6 Nxc2+ 10. Kf1 O-O-O 11. Qf5+ Kb8 12. Bf4 Nxa1 13. Bxd6+ Rxd6 14. cxb7 e6 15. Qb1 Nf6 16. Ke2 Nd5 17. Rd1 Rb6 18. Nxd5 Rxb5 19. Nc3 Rxb7 20. Qxa1 Be7 21. Qc1 Bf6 22. Qf4+ Ka8 23. Qe4 Kb8 24. Rd2 Rc8 25. f4 h6 26. g3 Rc5 27. Qa4 Rc8 28. Nb5 Be7 29. b3 h5 30. Nd6 Bxd6 31. Rxd6 g6 32. Kd3 Rb6 33. Rd7 Rb7 34. Rxb7+ Kxb7 35. Kd4 Kb6 36. Qb4+ Kc6 37. Ke5 Rd8 38. Qa4+ Kb6 39. Kf6 a5 40. b4 Rd5 41. bxa5+ Rxa5 42. Qb4+ Rb5 1-0

[Event "Sparkassen Chess Trophy 2024 A-Open"]
[Site "Dortmund"]
[Date "2024.08.15"]
[Round "6"]
[White "Labruyere, Roger"]
[Black "Van der Hagen, Loek"]
[Result "1-0"]
[WhiteElo "2189"]
[BlackElo "2334"]
[PlyCount "67"]
[EventDate "2024.08.10"]

1. e4 e5 2. Nf3 Nc6 3. Nc3 Nf6 4. Bb5 Bd6 5. O-O O-O 6. a3 Re8 7. Re1 h6 8. d3 a6 9. Bc4 Bc5 10. Nd5 d6 11. c3 Ba7 12. Be3 Bxe3 13. fxe3 Be6 14. Rf1 Bxd5 15. exd5 Ne7 16. Nh4 b5 17. Bb3 Nexd5 18. Qf3 c6 19. Nf5 Ra7 20. c4 bxc4 21. dxc4 Nc7 22. Qxc6 Qb8 23. Ba4 Re6 24. Qf3 Qxb2 25. Rab1 Qxa3 26. Rb8+ Nce8 27. Bxe8 Rxe8 28. Qg3 g6 29. Nxh6+ Kf8 30. Rxe8+ Nxe8 31. Qxg6 Qxe3+ 32. Kh1 f6 33. Qg8+ Ke7 34. Qf7+ 1-0

[Event "Sparkassen Chess Trophy 2024 A-Open"]
[Site "Dortmund"]
[Date "2024.08.15"]
[Round "6"]
[White "Kummerow, Heiko"]
[Black "Hoang, Thanh Trang"]
[Result "0-1"]
[WhiteElo "2117"]
[BlackElo "2354"]
[PlyCount "48"]
[EventDate "2024.08.10"]

1. e4 e6 2. d4 d5 3. Nd2 Be7 4. Ngf3 Nf6 5. e5 Nfd7 6. Bd3 c5 7. c3 b6 8. O-O Ba6 9. Ne1 Qc8 10. Qg4 O-O 11. Ndf3 Kh8 12. h4 Nc6 13. Bg5 Bxd3 14. Nxd3 f6 15. exf6 gxf6 16. Bh6 Rg8 17. Qh3 e5 18. dxe5 Ndxe5 19. Nfxe5 fxe5 20. Qh2 Qf5 21. Rad1 Rg6 22. Rc1 Rag8 23. g3 Rg4 24. Qg2 Bxh4 0-1

[Event "Sparkassen Chess Trophy 2024 A-Open"]
[Site "Dortmund"]
[Date "2024.08.15"]
[Round "6"]
[White "Theisen, Johannes"]
[Black "Thieu, Nguyen Gia Bao"]
[Result "1/2-1/2"]
[WhiteElo "1927"]
[BlackElo "1904"]
[PlyCount "74"]
[EventDate "2024.08.10"]

1. e4 e5 2. Nf3 Nc6 3. Bb5 a6 4. Ba4 b5 5. Bb3 g6 6. O-O Bg7 7. c3 Nge7 8. d4 exd4 9. cxd4 d6 10. h3 O-O 11. Nc3 Na5 12. Bc2 c5 13. a3 Nec6 14. Ne2 Qb6 15. d5 Ne5 16. Nxe5 Bxe5 17. Rb1 f5 18. f4 Bg7 19. Ng3 fxe4 20. Bxe4 c4+ 21. Kh1 Qd4 22. Qf3 Nb3 23. Be3 Qf6 24. Ne2 Bf5 25. Bxf5 Qxf5 26. g4 Qc2 27. f5 Rae8 28. Nf4 Be5 29. Rbe1 gxf5 30. Re2 Qe4 31. Ne6 Qxf3+ 32. Rxf3 f4 33. Nxf8 Rxf8 34. Bf2 a5 35. Rc2 a4 36. Bg1 Na1 37. Re2 Nb3 1/2-1/2

[Event "Sparkassen Chess Trophy 2024 A-Open"]
[Site "Dortmund"]
[Date "2024.08.15"]
[Round "6"]
[White "Weisskopf, Lutz"]
[Black "Lang, Nico"]
[Result "1-0"]
[WhiteElo "2026"]
[BlackElo "1939"]
[PlyCount "25"]
[EventDate "2024.08.10"]

1. e4 c5 2. Nf3 e6 3. b3 Nc6 4. Bb2 d5 5. exd5 exd5 6. Bb5 Nf6 7. O-O Bg4 8. d4 a6 9. Re1+ Ne4 10. Bxc6+ bxc6 11. Qd3 Be7 12. Ne5 Qb6 13. Nxg4 1-0

[Event "Sparkassen Chess Trophy 2024 A-Open"]
[Site "Dortmund"]
[Date "2024.08.15"]
[Round "6"]
[White "Scholz, Benedict"]
[Black "Spickermann, Sven"]
[Result "1/2-1/2"]
[WhiteElo "1990"]
[BlackElo "1920"]
[PlyCount "92"]
[EventDate "2024.08.10"]

1. e4 e5 2. Nf3 Nc6 3. Bc4 Bc5 4. c3 Nf6 5. d3 O-O 6. O-O d6 7. Nbd2 Bb6 8. Re1 Ne7 9. Nf1 Ng6 10. Ng3 c6 11. h3 d5 12. exd5 Nxd5 13. d4 Re8 14. dxe5 Ngf4 15. Ne4 Bc7 16. Nc5 Qe7 17. Nd3 Nxd3 18. Qxd3 Be6 19. Bg5 Qf8 20. Rad1 h6 21. Bh4 Bd8 22. Bg3 Bc7 23. Nd4 Rad8 24. Bb3 Qc5 25. Bc2 g6 26. Qe4 Kg7 27. Kf1 Qf8 28. f4 Ne7 29. Nxe6+ fxe6 30. Bh4 Rxd1 31. Rxd1 Nf5 32. Rd7+ Kg8 33. Bf2 Bb6 34. Qf3 Re7 35. Rxe7 Qxe7 36. Bxb6 axb6 37. g4 Nh4 38. Qf2 b5 39. Bb3 c5 40. Bxe6+ Qxe6 41. Qxh4 Qd5 42. Kg1 Qd1+ 43. Kg2 Qd5+ 44. Kf1 Qd3+ 45. Kf2 Qd2+ 46. Kf3 Qd3+ 1/2-1/2

[Event "Sparkassen Chess Trophy 2024 A-Open"]
[Site "Dortmund"]
[Date "2024.08.15"]
[Round "6"]
[White "Thompson, Ian D"]
[Black "Zhuikov, Edgard"]
[Result "1/2-1/2"]
[WhiteElo "2003"]
[BlackElo "1923"]
[PlyCount "119"]
[EventDate "2024.08.10"]

1. c4 c5 2. Nc3 Nc6 3. g3 g6 4. Bg2 Bg7 5. Nf3 e5 6. a3 a5 7. O-O Nge7 8. Ne1 O-O 9. Nc2 d6 10. Ne3 Rb8 11. Rb1 f5 12. Ned5 Nxd5 13. Nxd5 Be6 14. b4 b6 15. d3 h6 16. Bd2 axb4 17. axb4 Ne7 18. Nc3 Qd7 19. Qc2 f4 20. bxc5 fxg3 21. hxg3 bxc5 22. Rxb8 Rxb8 23. Rb1 Rxb1+ 24. Qxb1 d5 25. cxd5 Nxd5 26. Ne4 Bf7 27. Nxc5 Qc8 28. Ne4 Qd7 29. Nc3 Nxc3 30. Bxc3 Kh7 31. Qb2 Qf5 32. Be4 Qg5 33. Bd2 Qg4 34. Bf3 Qf5 35. Qb7 Be6 36. Qe4 Qf7 37. Bc3 Qf6 38. Qb7 Qg5 39. e3 h5 40. Bb4 Kh6 41. Kf1 Bh3+ 42. Ke2 Qf6 43. Qc6 Qf5 44. Bd2 Kh7 45. Qe4 Qg5 46. Bc3 Kh6 47. Bd2 Kh7 48. Qc4 Qf6 49. Bd5 Bg4+ 50. f3 Bd7 51. Be1 Qb6 52. Bg8+ Kh8 53. Qb3 Qc7 54. Bc4 Kh7 55. Bf2 Qd6 56. Bg8+ Kh8 57. Bd5 Kh7 58. Bg8+ Kh8 59. Bd5 Kh7 60. Bg8+ 1/2-1/2

[Event "Sparkassen Chess Trophy 2024 A-Open"]
[Site "Dortmund"]
[Date "2024.08.15"]
[Round "6"]
[White "Brieger, Sebastian"]
[Black "Erofeev, Anastasia"]
[Result "1-0"]
[WhiteElo "1946"]
[BlackElo "2030"]
[PlyCount "39"]
[EventDate "2024.08.10"]

1. e4 c5 2. c3 d5 3. exd5 Qxd5 4. d4 Nf6 5. Nf3 e6 6. Be3 cxd4 7. cxd4 Nc6 8. Nc3 Qd8 9. a3 Bd6 10. Bd3 Bc7 11. O-O h6 12. Rc1 a6 13. Re1 Ng4 14. d5 Nxe3 15. Rxe3 Ne7 16. Bc4 Bf4 17. dxe6 Bxe6 18. Qa4+ Qd7 19. Bb5 Nc6 20. Bxc6 1-0

[Event "Sparkassen Chess Trophy 2024 A-Open"]
[Site "Dortmund"]
[Date "2024.08.15"]
[Round "6"]
[White "Stoll, Lucia"]
[Black "Canino, Ruelle"]
[Result "0-1"]
[WhiteElo "1984"]
[BlackElo "1908"]
[PlyCount "104"]
[EventDate "2024.08.10"]

1. e4 g6 2. d4 Bg7 3. Nc3 c6 4. f4 d5 5. e5 h5 6. Nf3 Nh6 7. Be3 Bg4 8. h3 Nf5 9. Bf2 Bxf3 10. Qxf3 h4 11. Bd3 e6 12. O-O Nd7 13. Ne2 Bf8 14. b3 Qb6 15. c4 Ba3 16. Rab1 a5 17. cxd5 cxd5 18. Nc3 Nb8 19. Nb5 Be7 20. Rbc1 Nc6 21. a4 Kf8 22. Kh2 Na7 23. Nxa7 Qxa7 24. Bb5 Kg7 25. Rfd1 Qb6 26. Qd3 Rhc8 27. Rc3 Bb4 28. Rc2 Qd8 29. Rdc1 Ba3 30. Rxc8 Rxc8 31. Rc2 Bc1 32. Kg1 Bxf4 33. Rc3 Rxc3 34. Qxc3 Qg5 35. Be2 Bg3 36. Bxg3 hxg3 37. Bf3 Qf6 38. Kf1 Nxd4 39. Ke1 Qxe5+ 40. Kd1 Nxf3 41. Qxf3 Qd4+ 42. Kc1 Qf2 43. Qc3+ d4 44. Qxa5 Qf1+ 45. Kb2 Qxg2+ 46. Ka3 Qe4 47. h4 g2 48. Qg5 Qd5 49. Qg4 d3 50. h5 Qc5+ 51. b4 g1=Q 52. h6+ Kh7 0-1